LEADER 01045nam0 22002651i 450 001 UON00097474 005 20231205102539.260 100 $a20020107d1984 |0itac50 ba 101 $aeng 102 $aGB 105 $a|||| ||||| 200 1 $aDe Mortibus Persecutorum$fLactantius$gedited and translated by J. L. Creed 210 $aOxford$cClarendon Press$d1984 215 $aXLVII, 148 p.$d21 cm 620 $aGB$dOxford$3UONL000029 700 1$aLACTANTIUS$bLucius Caelius Firmianus$3UONV064750$0287856 702 1$aCREED$bJ. L.$3UONV063256 712 $aClarendon Press$3UONV246509$4650 790 1$aLATTANZIO, Cacilio Firmiano$zLACTANTIUS, Lucius Caelius Firmianus$3UONV171668 801 $aIT$bSOL$c20240220$gRICA 899 $aSIBA - SISTEMA BIBLIOTECARIO DI ATENEO$2UONSI 912 $aUON00097474 950 $aSIBA - SISTEMA BIBLIOTECARIO DI ATENEO$dSI T 2 LACTANT 0200 $eSI MC 11298 7 996 $aDe mortibus persecutorum$920313 997 $aUNIOR LEADER 00626nam 2200205 450 001 996658867403316 005 20250605003300.0 010 $a9788885669581 100 $a20250605d1997----km y0itay5003 ba 105 $ay 00 y 200 1 $aSviluppo economico e società preindustriali. Cicli, strutture e congiunture in Europa dal medioevo alla prima età moderna 210 $aRoma$cViella$d1997 215 $dcm 606 0 $2BNCF 700 $aLuciano Palermo$0139809 801 0$aIT$bcba$gREICAT 912 $a996658867403316 959 $aBK 996 $aSviluppo economico e società preindustriali$9625022 997 $aUNISA